000 00554nam a22001817a 4500
003 OSt
005 20240625130913.0
008 240625b |||||||| |||| 00| 0 eng d
020 _a157940416
040 _aDDC
_cMUST
100 _aTruman J. Moon ... ( et al )
_917830
245 _aModern Biology/
_cTruman J. Moon.
260 _aNew York:
_bHenry Holt and Company,
_c1956.
300 _aix,757p.:
_bill, (some col),
_c23.5cm.
504 _aIncludes Bibliographical Appendixes, Glossary and Indexes.
650 _aBiology
_95602
942 _2ddc
_cO_SHELF
999 _c8823
_d8823